LEADER 00937nam0-2200313---450 001 990009958840403321 005 20210923102341.0 010 $a9789491431074 035 $a000995884 035 $aFED01000995884 035 $a(Aleph)000995884FED01 035 $a000995884 100 $a20150427d2012----km-y0itay50------ba 101 0 $aeng 105 $a--------001yy 200 1 $aHandbook of plant palaeoecology$fR. T. J. Cappers, R. Neef 210 $aGroningen ; Barkhuis$cGroningen University library$d2012 215 $a475 p.$cill.$d25 cm 225 1 $aGroningen archaeological studies$v19 676 $a561.1$v22$zita 700 1$aCappers,$bRenè T. J.$0429455 701 1$aNeef,$bReinder$0524008 801 0$aIT$bUNINA$gRICA$2UNIMARC 901 $aBK 912 $a990009958840403321 952 $a60 561.1 CAPR 2012$b14489$fFAGBC 959 $aFAGBC 996 $aHandbook of plant palaeoecology$9822729 997 $aUNINA LEADER 04563nam 2200637 450 001 9910141608503321 005 20180731043532.0 010 $a1-119-20450-X 010 $a1-118-53812-9 035 $a(CKB)2670000000336576 035 $a(EBL)1120252 035 $a(OCoLC)829461667 035 $a(SSID)ssj0000832024 035 $a(PQKBManifestationID)12398960 035 $a(PQKBTitleCode)TC0000832024 035 $a(PQKBWorkID)10882201 035 $a(PQKB)10435628 035 $a(MiAaPQ)EBC1120252 035 $a(EXLCZ)992670000000336576 100 $a20160408h20102010 uy 0 101 0 $aeng 135 $aur|n|---||||| 181 $ctxt 182 $cc 183 $acr 200 10$aTrading full circle $ethe complete undergroundtrader system for timing & profiting in all financial markets /$fJea Yu 210 1$aHoboken, New Jersey :$cWiley,$d2010. 210 4$d©2010 215 $a1 online resource (483 p.) 225 1 $aWiley Trading ;$vv.116 300 $aIncludes index. 311 $a1-59280-390-3 327 $a""Cover""; ""Contents""; ""Title""; ""Copyright""; ""Dedication""; ""Introduction""; ""Part 1: Acquiring the Edge by Starting at the End""; ""Chapter 1: Starting with Failure""; ""Using Failure as a Growth Tool""; ""Failing Efficiently for Post-Traumatic Growth""; ""My Friend Pain""; ""Guilt Versus Shame""; ""Cognitive Dissonance Theory""; ""The Menace of Conventional Wisdom""; ""Human Theory""; ""Starting at the End""; ""No Win Against Ego""; ""Trading Environments""; ""Big Fish in a Little Pond""; ""The Transparency Paradox""; ""Reciprocity""; ""Endurance""; ""Destiny Earned"" 327 $a""Mediocrity Loves Crowds""""A Tale of Two Squirrels""; ""The Fruits of Perseverance""; ""How is Your Friend""; ""Profits are a By-Product""; ""Chapter 2: What is the a???Edgea????""; ""The Most Common Question""; ""The Upside to the Downside""; ""The Ideal Trading Mindset""; ""Warning Signs of Impending Blowout""; ""Why Traders Secretly Want to Blow Out""; ""Anatomy of Blowout #2""; ""Three Remedies for Affliction""; ""Confidence vs. Complacency and Arrogance""; ""Trading is a Physical Activity""; ""A Surefire Stress Reliever: Remove Your Blotter"" 327 $a""Write It, Dona???t Bite It: Keeping a Journal""""Evolution""; ""Mindset""; ""Letting Go""; ""Chapter 3: Markets Over Methods""; ""A Variant Perspective of the Markets""; ""Be the Cockroach""; ""Identifying Market Trading Environments""; ""Closure""; ""Grumpy (Not Greed) is Good: Get P.I.S.S.-Ed!""; ""Mistaking Market Performance for Market Trading Environment""; ""Macro Market Periods""; ""Micro Market Periods""; ""Duplicity Inflection Time Points""; ""Applying Pacing to Your Trading""; ""Trading Comfort Zone""; ""Going on Tilt: Look Out Below!"" 327 $a""Determining Your Monetary Containment Zones""""Daily Trading Model""; ""Pump Release Pacing Method""; ""Chapter 4: Taking Time off from Trading""; ""Ita???s Not You Dear, Ita???s Me""; ""The Reward for Calling it Quits""; ""The a???Edgea??? Defined""; ""Part 2: The Complete Trading System Full Circle""; ""Chapter 5: The Tools""; ""Stacking""; ""What do You Need?""; ""Nasdaq Level II Screen and Time of Sales""; ""Types of Orders""; ""Sticky 2.50 and Sticky 5""; ""Sticky 0.75 and 0.30""; ""Basic Execution Rules""; ""Charts""; ""Candlesticks: Price Tool"" 327 $a""Stochastics: The Enginea???Momentum Tool""""5- and 15-Period Simple Moving Averages: The Roadmapa???Trend and Channel Tool""; ""50- and 200-Period Simple Moving Averages""; ""Pivot Points: Static Support and Resistance Levels""; ""Bollinger Bands: Range and Target Tool""; ""Chart Time Frames""; ""The New Way to Play Gapper and Dumper Stocks""; ""Timing the 5-Minute Candle Close""; ""Foreshadowing: The Doppler Effect""; ""Wider Time Frames""; ""Chart Patterns""; ""Chapter 6: Proper Allocation of Shares""; ""The Danger of Static Stock Sizing""; ""The Danger of Cost Based Allocation"" 327 $a""Allocation Method"" 410 0$aWiley Trading 606 $aInvestment analysis 606 $aPortfolio management 606 $aInvestments 608 $aElectronic books. 615 0$aInvestment analysis. 615 0$aPortfolio management. 615 0$aInvestments. 676 $a332.6 676 $a332.678 700 $aYu$b Jea$0865436 801 0$bMiAaPQ 801 1$bMiAaPQ 801 2$bMiAaPQ 906 $aBOOK 912 $a9910141608503321 996 $aTrading full circle$92170829 997 $aUNINA LEADER 04448oam 2200709zu 450 001 9910131918203321 005 20210807004754.0 010 $a9782821828520 010 $a2821828527 010 $a9782821816503 010 $a2821816502 024 7 $a10.4000/books.igpde.2692 035 $a(CKB)3460000000122162 035 $a(SSID)ssj0001537444 035 $a(PQKBManifestationID)11953030 035 $a(PQKBTitleCode)TC0001537444 035 $a(PQKBWorkID)11520823 035 $a(PQKB)10366498 035 $a(WaSeSS)IndRDA00044752 035 $a(FrMaCLE)OB-igpde-2692 035 $a(oapen)https://directory.doabooks.org/handle/20.500.12854/48021 035 $a(PPN)267966040 035 $a(FR-PaCSA)88920419 035 $a(FRCYB88920419)88920419 035 $a(oapen)doab48021 035 $a(EXLCZ)993460000000122162 100 $a20160829d1997 uy 101 0 $afre 135 $aur||||||||||| 181 $ctxt 182 $cc 183 $acr 200 13$aLa France, l'aide américaine et la construction européenne, 1944-1954. I 210 $cInstitut de la gestion publique et du développement économique$d1997 210 31$a[Place of publication not identified]$cInstitut de la gestion publique et du développement économique Comité pour l'histoire économique et$d1997 215 $a1 online resource (xx, 1042 pages) 225 1 $aE?tudes ge?ne?rales 300 $aBibliographic Level Mode of Issuance: Monograph 311 08$a9782110898203 311 08$a2110898208 330 $aÀ l'heure de l'après-guerre froide et de la reconversion des ex-pays de l'Est à l'économie de marché. La France, l'aide américaine et la construction européenne constitue un ouvrage de référence pour tous ceux que soucie le devenir de l'Europe. Dans cette somme que forment la thèse qu'il a soutenue en 1988. sous la direction du professeur René Girault, et douze chapitres complémentaires, Gérard Bossuat analyse les mécanismes des aides américaines à la Finance, leurs conséquences intérieures, leur influence sur la politique européenne de la IVe République... Il montre combien furent malaisées, en dépit de la manne du Plan Marshall, les vastes entreprises de la reconstruction, de la modernisation et de l'intégration européenne. A travers cette histoire de l'aide américaine à la Fiance, bilatérale, puis multilatérale, économique puis militaire, on voit agir, de Jean Monnet à Olivier Wormser, Hervé Alphand, François Blocb-Lainé. Robert Marjolin et les grands ministres. Robert Schuman. Georges Bidault, René Pleven. Léon Blum, René Mayer, ceux qui ont fait la France d'après-guerre. « En vérité, après bien d'autres ouvrages sur la IVe République, dans ce livre le lecteur va découvrir ceux qui ont fait la France actuelle, acteurs illustres et moins connus, leurs idéaux et leurs moyens. Il va comprendre un fait qui, jusqu'à maintenant, avait été moins observé que d'autres, à savoir l'influence des « amis américains » sur la gestion des affaires françaises, dans le domaine de l'économie surtout » souligne René Girault. In this post-Cold War world where the former Eastern Bloc countries have switched to a market economy, France, American Aid and European Construction is a reference for anyone worried about the future of Europe. In this study including the thesis he defended in 1988, directed by Professor René Girault, and 12 additional chapters, Gérard Bossuat analyses the mechanisms of American aid to France, its domestic impacts and its influence on the European policy of? 410 0$aHistoire e?conomique et financie?re de la France.$pEtudes ge?ne?rales. 606 $aHistory & Archaeology$2HILCC 606 $aHistory - General$2HILCC 607 $aFrance$xEconomic conditions$y1945- 610 $arelations franco-allemande 610 $ahistoire économique et financière 610 $aOTAN 610 $arelations franco-américaines 610 $aplan Marshall 610 $aPlan 610 $aconstruction européenne 610 $afinances publiques 610 $aIVe République 615 7$aHistory & Archaeology 615 7$aHistory - General 700 $aBossuat$b Gérard$0949922 801 0$bPQKB 906 $aBOOK 912 $a9910131918203321 996 $aLa France, l'aide américaine et la construction européenne, 1944-1954. I$92147262 997 $aUNINA